000 00437nam a2200157Ia 4500
008 230917s9999||||xx |||||||||||||| ||und||
040 _e80379
_aMAIN
041 _aEnglish
082 _a345.06 A92P(11)
100 _aAvtar Singh
245 0 _aPrinciples of the law of evidence: A study of the Indian Evidence Act, 1872
250 _a11th ed.
260 _aAllahabad
_bCentral Law Agency
_c1998
300 _axl, 415 p.
942 _cBK
999 _c100339
_d100339